000 01346nam a2200181Ia 4500
008 151202s9999||||xx |||||||||||||| ||und||
082 _bPNVM-122891
100 _aसंपा-ओक वामन दाजी.
245 _a"कवितासंग्रह महाराष्ट्रकविविठ्ठलकृत आवृत्ति दुसरी कृ.ध.चित्र48 बीडकर,दीक्षित विठ्ठल व केरीकर विठ्ठल(3)."
260 _b"निर्णयसागर प्रकाशन,मुंबई."
260 _c1924
300 _a370
600 _aसंपा-ओक वामन दाजी.
630 _a"कवितासंग्रह महाराष्ट्रकविविठ्ठलकृत आवृत्ति दुसरी कृ.ध.चित्र48 बीडकर,दीक्षित विठ्ठल व केरीकर विठ्ठल(3)."
700 _aसंपा-ओक वामन दाजी.
730 _a"कवितासंग्रह महाराष्ट्रकविविठ्ठलकृत आवृत्ति दुसरी कृ.ध.चित्र48 बीडकर,दीक्षित विठ्ठल व केरीकर विठ्ठल(3)."
942 _cBOOK
999 _c1353020
_d1353017